Biến đổi tích phân

Spremljeno u:
Bibliografski detalji
Glavni autor: ĐẶNG ĐÌNH ÁNG
Format: Knjiga
Jezik:Undetermined
Izdano: Hà Nội Giáo Dục 2001
Teme:
Oznake: Dodaj oznaku
Bez oznaka, Budi prvi tko označuje ovaj zapis!
Thư viện lưu trữ: Trung tâm Học liệu Trường Đại học Cần Thơ
LEADER 00475nam a2200169Ia 4500
001 CTU_48019
008 210402s9999 xx 000 0 und d
082 |a 515.43 
082 |b A106/2001 
100 |a ĐẶNG ĐÌNH ÁNG 
245 0 |a Biến đổi tích phân 
245 0 |c ĐẶNG ĐÌNH ÁNG 
260 |a Hà Nội 
260 |b Giáo Dục 
260 |c 2001 
650 |a calculus, integral 
980 |a Trung tâm Học liệu Trường Đại học Cần Thơ